[Event "BCF-chT 2122 (4NCL)"]
[Site "England"]
[Date "2022.06.25"]
[Round "10.67"]
[White "Bhatia, Kanwal K"]
[Black "Freeman, Gordon"]
[Result "0-1"]
[WhiteElo "2018"]
[BlackElo "2092"]
[PlyCount "46"]
[EventDate "2021.11.27"]
[EventType "team-swiss"]
[EventRounds "11"]
[EventCountry "ENG"]
[SourceTitle "EXT 2023"]
[Source "ChessBase"]
[SourceDate "2022.10.05"]
[SourceVersion "1"]
[SourceVersionDate "2022.10.05"]
[SourceQuality "1"]
[WhiteTeam "Barbican"]
[BlackTeam "Gonzaga"]
[WhiteTeamCountry "ENG"]
[BlackTeamCountry "ENG"]

1. e4 d5 2. exd5 Qxd5 3. d4 Nc6 4. Nf3 e5 5. dxe5 Qxd1+ 6. Kxd1 Bg4 7. Bf4 0-0-0+ 8. Nbd2 Bxf3+ 9. gxf3 Nge7 10. Bh3+ Kb8 11. Re1 Ng6 12. Bg3 h5 13. Bf5 h4 14. Bxg6 hxg3 15. Be4 Rxh2 16. Bxc6 Rxf2 17. Be4 Rdxd2+ 18. Kc1 g2 19. b4 Bxb4 20. Kb2 Bc5 21. Rad1 Rxd1 22. Rxd1 a6 23. f4 Rd2 0-1

[Event "London ECF (Women)"]
[Site "London"]
[Date "2022.04.11"]
[Round "9"]
[White "Vine, Elzbieta"]
[Black "Bhatia, Kanwal K"]
[Result "1/2-1/2"]
[WhiteElo "2138"]
[BlackElo "2018"]
[PlyCount "81"]
[EventDate "2022.04.07"]
[EventType "tourn"]
[EventRounds "9"]
[EventCountry "ENG"]
[SourceTitle "CBM 207 Extra"]
[Source "ChessBase"]
[SourceDate "2022.05.31"]
[SourceVersion "1"]
[SourceVersionDate "2022.05.31"]
[SourceQuality "1"]

1. e4 e5 2. Nf3 Nc6 3. Bc4 Bc5 4. b4 Bb6 5. c3 Nf6 6. a4 a6 7. a5 Ba7 8. d4 Nxe4 9. 0-0 d5 10. b5 Ne7 11. Re1 axb5 12. Bxb5+ c6 13. Bd3 exd4 14. Ba3 dxc3 15. Bxe4 dxe4 16. Qa4 e3 17. fxe3 Nd5 18. Kh1 Bb8 19. e4 Nf4 20. Nxc3 Rxa5 21. Qb3 c5 22. e5 0-0 23. Qc4 Ne6 24. Red1 Qe8 25. Ne4 b5 26. Qc1 b4 27. Bb2 Rxa1 28. Bxa1 Qc6 29. Qe3 Bb7 30. Ng3 c4 31. Nf5 Qc5 32. Bd4 Qb5 33. Ng5 c3 34. Ne7+ Kh8 35. Nxh7 Bxg2+ 36. Kxg2 Qb7+ 37. Kg1 Qxe7 38. Nxf8 Qxf8 39. Bxc3 bxc3 40. Qxc3 g6 41. Rd7 1/2-1/2

[Event "London ECF (Women)"]
[Site "London"]
[Date "2022.04.10"]
[Round "8"]
[White "Bhatia, Kanwal K"]
[Black "Longson, Sarah N"]
[Result "0-1"]
[WhiteElo "2018"]
[BlackElo "2019"]
[PlyCount "72"]
[EventDate "2022.04.07"]
[EventType "tourn"]
[EventRounds "9"]
[EventCountry "ENG"]
[SourceTitle "CBM 207 Extra"]
[Source "ChessBase"]
[SourceDate "2022.05.31"]
[SourceVersion "1"]
[SourceVersionDate "2022.05.31"]
[SourceQuality "1"]

1. e4 e5 2. Nf3 Nc6 3. Bc4 Nf6 4. Ng5 d5 5. exd5 Na5 6. Bb5+ c6 7. dxc6 bxc6 8. Bd3 Nd5 9. Nf3 Bd6 10. 0-0 0-0 11. Re1 f5 12. Nxe5 Qf6 13. Nf3 g5 14. Nc3 g4 15. Nxd5 cxd5 16. Be2 gxf3 17. Bxf3 Be6 18. d4 Nc6 19. c3 Bf7 20. Qd3 Ne7 21. b3 Rac8 22. Bd2 Ng6 23. Be2 Kh8 24. Qh3 Rg8 25. Qh6 Bf8 26. Bg5 Qd6 27. Qh3 Be7 28. Bxe7 Nxe7 29. Bf1 Qf6 30. Re5 Rg5 31. Rae1 Ng6 32. R5e3 Nf4 33. Qf3 Nxg2 34. Bxg2 Rcg8 35. Re5 Bh5 36. Qh3 Qg6 0-1

[Event "London ECF (Women)"]
[Site "London"]
[Date "2022.04.08"]
[Round "3"]
[White "Bhatia, Kanwal K"]
[Black "Smith, Olivia"]
[Result "1/2-1/2"]
[WhiteElo "2018"]
[BlackElo "1997"]
[PlyCount "74"]
[EventDate "2022.04.07"]
[EventType "tourn"]
[EventRounds "9"]
[EventCountry "ENG"]
[SourceTitle "CBM 207 Extra"]
[Source "ChessBase"]
[SourceDate "2022.05.31"]
[SourceVersion "1"]
[SourceVersionDate "2022.05.31"]
[SourceQuality "1"]

1. e4 e5 2. Nf3 Nf6 3. Nxe5 d6 4. Nf3 Nxe4 5. d4 d5 6. Bd3 Be7 7. 0-0 Nc6 8. c4 Nf6 9. cxd5 Nxd5 10. Nc3 0-0 11. h3 Bf6 12. Bb1 Nxc3 13. bxc3 Qd5 14. a4 Qh5 15. Bf4 Ne7 16. Ba2 Qa5 17. Rc1 b5 18. Bb3 bxa4 19. Bxa4 Bb7 20. Bc2 Ng6 21. Bg3 Rfe8 22. Re1 Rxe1+ 23. Qxe1 c5 24. Ra1 Qd8 25. Be4 Bxe4 26. Qxe4 cxd4 27. cxd4 a5 28. Ra2 a4 29. Qc6 Ne7 30. Qb7 Qd5 31. Qb2 Nc6 32. Be5 Bxe5 33. dxe5 h6 34. Ra3 Re8 35. Kh2 Qe4 36. Qa1 Nxe5 37. Nxe5 Qxe5+ 1/2-1/2

[Event "BCF-chTa 1920 (4NCL)"]
[Site "Daventry"]
[Date "2020.02.09"]
[Round "6.28"]
[White "Sucikova, Svetlana"]
[Black "Bhatia, Kanwal K"]
[Result "1-0"]
[WhiteElo "2160"]
[BlackElo "2037"]
[PlyCount "59"]
[EventDate "2019.11.09"]
[EventType "team-tourn"]
[EventRounds "11"]
[EventCountry "ENG"]
[SourceTitle "CBM 194 Extra"]
[Source "ChessBase"]
[SourceDate "2020.03.31"]
[SourceVersion "1"]
[SourceVersionDate "2020.03.31"]
[SourceQuality "1"]
[WhiteTeam "White Rose"]
[BlackTeam "Barbican"]
[WhiteTeamCountry "ENG"]
[BlackTeamCountry "ENG"]

1. e3 e5 2. c4 Nf6 3. Nc3 d5 4. cxd5 Nxd5 5. Bc4 Nb6 6. Bb3 Nc6 7. Qf3 Qe7 8. a3 g6 9. h4 h5 10. Nh3 Bg4 11. Qg3 Nd4 12. exd4 exd4+ 13. Kf1 dxc3 14. dxc3 0-0-0 15. Be3 Be6 16. Bc2 Bg7 17. Kg1 Rd7 18. Re1 Nc4 19. Bc1 Qc5 20. Ng5 Bg4 21. Kh2 Rhd8 22. Rhf1 Nd2 23. Rg1 Bf8 24. Kh1 Qb6 25. Qf4 Bc5 26. Ba4 Rd5 27. Bxd2 Rxd2 28. Nxf7 Rxf2 29. Qg5 Rxf7 30. Qxd8+ 1-0

[Event "EU-chT (Women) 22nd"]
[Site "Batumi"]
[Date "2019.11.01"]
[Round "8.4"]
[White "Golsta, Madara"]
[Black "Bhatia, Kanwal K"]
[Result "1-0"]
[WhiteElo "1987"]
[BlackElo "2038"]
[PlyCount "97"]
[EventDate "2019.10.24"]
[EventType "team-swiss"]
[EventRounds "9"]
[EventCountry "GEO"]
[SourceTitle "CBM 192 Extra"]
[Source "Chessbase"]
[SourceDate "2019.11.06"]
[SourceVersion "1"]
[SourceVersionDate "2019.11.06"]
[SourceQuality "1"]
[WhiteTeam "Latvia (W)"]
[BlackTeam "England (W)"]
[WhiteTeamCountry "LAT"]
[BlackTeamCountry "ENG"]

1. c4 e5 2. Nc3 Nf6 3. g3 d5 4. cxd5 Nxd5 5. Bg2 Nb6 6. Nf3 Nc6 7. 0-0 Be7 8. b3 0-0 9. Bb2 Be6 10. Rc1 f6 11. Ne4 a5 12. d4 exd4 13. Nxd4 Nxd4 14. Bxd4 Nd7 15. Qc2 c6 16. Rfd1 Qc7 17. Be3 Rfd8 18. Bf4 Qb6 19. Nd6 Ne5 20. Nf5 Ba3 21. Be3 Qc7 22. Rb1 Rd7 23. Nd4 Bd5 24. Bh3 Re7 25. Nf5 Rf7 26. Bf4 Re8 27. Ne3 Be6 28. Bg2 Bf8 29. h4 g6 30. Qc3 Bg7 31. Nc2 Bf5 32. e4 Bg4 33. f3 Bc8 34. Ne3 Qb6 35. Kh1 Rd8 36. Bxe5 fxe5 37. Nc4 Rxd1+ 38. Rxd1 Qc7 39. Qxa5 Qe7 40. Qd8+ Qxd8 41. Rxd8+ Rf8 42. Rxf8+ Kxf8 43. Nd6 Be6 44. Nxb7 Ke7 45. Bf1 Bh6 46. Na5 Kd6 47. Bc4 Bd7 48. Bg8 Be8 49. Nc4+ 1-0

[Event "EU-chT (Women) 22nd"]
[Site "Batumi"]
[Date "2019.10.30"]
[Round "6.4"]
[White "Bhatia, Kanwal K"]
[Black "Bengtsson, Siv"]
[Result "1-0"]
[WhiteElo "2038"]
[BlackElo "2086"]
[PlyCount "89"]
[EventDate "2019.10.24"]
[EventType "team-swiss"]
[EventRounds "9"]
[EventCountry "GEO"]
[SourceTitle "CBM 192 Extra"]
[Source "Chessbase"]
[SourceDate "2019.11.06"]
[SourceVersion "1"]
[SourceVersionDate "2019.11.06"]
[SourceQuality "1"]
[WhiteTeam "England (W)"]
[BlackTeam "Sweden (W)"]
[WhiteTeamCountry "ENG"]
[BlackTeamCountry "SWE"]

1. e4 e6 2. d4 d5 3. Nd2 c5 4. exd5 Qxd5 5. Ngf3 cxd4 6. Bc4 Qd6 7. 0-0 Nf6 8. Qe2 Be7 9. Nb3 Nc6 10. Rd1 Qc7 11. Nbxd4 Nxd4 12. Nxd4 a6 13. a4 0-0 14. h3 e5 15. Nf3 e4 16. Nd4 Bd7 17. Bg5 Rfe8 18. Bh4 Qe5 19. Bg3 Qg5 20. Qd2 Qg6 21. Ne2 Bc6 22. Nf4 Qf5 23. b4 Rad8 24. Qc3 Rxd1+ 25. Rxd1 Nd7 26. b5 axb5 27. axb5 Bf6 28. Qb3 Be5 29. bxc6 Nc5 30. Qe3 b6 31. Ne2 Bf6 32. Rd5 Qc8 33. c7 h6 34. Nd4 Qa8 35. Nb3 Bg5 36. Bf4 Bxf4 37. Qxf4 Ne6 38. Qd6 Qb7 39. Qd7 Rc8 40. Nd4 Rxc7 41. Qe8+ Kh7 42. Nxe6 fxe6 43. Rd8 Re7 44. Qg8+ Kg6 45. Rd6 1-0

[Event "ENG-ch (Women)"]
[Site "Hull"]
[Date "2019.08.30"]
[Round "1"]
[White "Bhatia, Kanwal K"]
[Black "Bridgeman, Niamh"]
[Result "1-0"]
[WhiteElo "2044"]
[BlackElo "1511"]
[PlyCount "71"]
[EventDate "2019.08.30"]
[EventType "swiss"]
[EventRounds "5"]
[EventCountry "ENG"]
[SourceTitle "EXT 2020"]
[Source "ChessBase"]
[SourceDate "2019.10.17"]
[SourceVersion "1"]
[SourceVersionDate "2019.10.17"]
[SourceQuality "1"]

1. e4 e6 2. d4 d5 3. Nd2 c5 4. exd5 Qxd5 5. Ngf3 cxd4 6. Nb3 Nc6 7. Nbxd4 Nxd4 8. Qxd4 Qxd4 9. Nxd4 Bd7 10. Bf4 Nf6 11. Nb5 Nd5 12. Nd6+ Bxd6 13. Bxd6 Rc8 14. 0-0-0 f6 15. Be2 Kf7 16. Rhe1 Rhd8 17. Bg3 Ba4 18. b3 Bd7 19. Bc4 Bc6 20. Kb2 b5 21. Be2 Ne7 22. f3 Rxd1 23. Rxd1 Nf5 24. Bf2 Rc7 25. c4 a6 26. Kc3 Rd7 27. Rxd7+ Bxd7 28. cxb5 axb5 29. Bc5 Ke8 30. Kb4 Kd8 31. Bxb5 Bxb5 32. Kxb5 Nh4 33. Kc6 Kc8 34. b4 Nxg2 35. b5 Nf4 36. b6 1-0

[Event "Basingstoke 4NCL Spring Bank 2nd"]
[Site "Basingstoke"]
[Date "2019.05.27"]
[Round "7"]
[White "Bhatia, Kanwal K"]
[Black "Moore, Gerald C"]
[Result "0-1"]
[WhiteElo "2046"]
[BlackElo "2057"]
[PlyCount "68"]
[EventDate "2019.05.24"]
[EventType "swiss"]
[EventRounds "7"]
[EventCountry "ENG"]
[SourceTitle "CBM 190 Extra"]
[Source "ChessBase"]
[SourceDate "2019.07.15"]
[SourceVersion "1"]
[SourceVersionDate "2019.07.15"]
[SourceQuality "1"]

1. e4 c5 2. c3 d5 3. exd5 Qxd5 4. d4 g6 5. Nf3 Nc6 6. Be2 Bg7 7. dxc5 Qxc5 8. 0-0 Nf6 9. Be3 Qa5 10. Na3 0-0 11. Nc4 Qc7 12. Qc1 Ng4 13. Bf4 e5 14. Bg3 f6 15. Re1 Nh6 16. Nh4 Nf7 17. Qc2 Be6 18. Rad1 Rad8 19. h3 f5 20. Nf3 b5 21. Ncd2 Qb6 22. a4 a6 23. axb5 axb5 24. Rf1 Rc8 25. Qb1 Rfd8 26. Kh1 e4 27. Ne1 Bh6 28. f4 Qe3 29. Bh4 Rxd2 30. Rxd2 Qxd2 31. Bxb5 Na7 32. Rf2 Qe3 33. Nc2 Qb6 34. Be2 g5 0-1

[Event "Basingstoke 4NCL Spring Bank 2nd"]
[Site "Basingstoke"]
[Date "2019.05.25"]
[Round "2"]
[White "Simpson, Derek"]
[Black "Bhatia, Kanwal K"]
[Result "0-1"]
[WhiteElo "1655"]
[BlackElo "2046"]
[PlyCount "110"]
[EventDate "2019.05.24"]
[EventType "swiss"]
[EventRounds "7"]
[EventCountry "ENG"]
[SourceTitle "CBM 190 Extra"]
[Source "ChessBase"]
[SourceDate "2019.07.15"]
[SourceVersion "1"]
[SourceVersionDate "2019.07.15"]
[SourceQuality "1"]

1. e4 e5 2. Nf3 Nc6 3. d4 exd4 4. Nxd4 Bc5 5. Nb3 Bb6 6. Nc3 d6 7. Qe2 Nge7 8. Be3 0-0 9. 0-0-0 f5 10. f4 fxe4 11. g3 Nf5 12. Bxb6 axb6 13. Qxe4 Re8 14. Qf3 Ne3 15. Re1 Bg4 16. Qf2 Nxf1 17. Rhxf1 Qf6 18. Re3 Bf5 19. Rfe1 Rxe3 20. Qxe3 Bg6 21. Qe6+ Qxe6 22. Rxe6 Kf7 23. Re2 Nb4 24. a3 Nxc2 25. Rxc2 Bxc2 26. Kxc2 c6 27. Kd2 Re8 28. Nd4 d5 29. Nf3 Ke6 30. Nd1 c5 31. Ne3 d4 32. Ng5+ Kd7 33. Nc4 Kc6 34. Ne5+ Kd5 35. Ngf3 b5 36. Ne1 g5 37. N5d3 gxf4 38. Nxf4+ Ke4 39. Nfd3 b6 40. Nf2+ Kd5 41. Nc2 c4 42. Nb4+ Kc5 43. Na6+ Kd6 44. Nd1 d3 45. Nc3 Re5 46. Nb4 Ke6 47. Nc6 Rh5 48. Nd4+ Ke5 49. Nf3+ Ke6 50. Nxb5 Kf5 51. Nbd4+ Ke4 52. Kc3 Ke3 53. g4 Rd5 54. Kxc4 Rc5+ 55. Kb3 d2 0-1

[Event "BCF-chT1c 1819 (4NCL) Promotion pool"]
[Site "England"]
[Date "2019.05.05"]
[Round "10.38"]
[White "Sarakauskas, Gediminas"]
[Black "Bhatia, Kanwal K"]
[Result "1-0"]
[WhiteElo "2434"]
[BlackElo "2046"]
[PlyCount "77"]
[EventDate "2018.11.10"]
[EventType "team-tourn"]
[EventRounds "11"]
[EventCountry "ENG"]
[SourceTitle "CBM 190 Extra"]
[Source "ChessBase"]
[SourceDate "2019.07.15"]
[SourceVersion "1"]
[SourceVersionDate "2019.07.15"]
[SourceQuality "1"]
[WhiteTeam "Guildford II"]
[BlackTeam "Barbican"]
[WhiteTeamCountry "ENG"]
[BlackTeamCountry "ENG"]

1. d4 Nf6 2. c4 c5 3. d5 b5 4. cxb5 a6 5. bxa6 g6 6. Nc3 Bxa6 7. e4 Bxf1 8. Kxf1 d6 9. g3 Bg7 10. Kg2 0-0 11. Nf3 Nbd7 12. h3 Ra6 13. Re1 Qa8 14. Kg1 Nb6 15. Qe2 Rb8 16. Bd2 Nfd7 17. Rec1 Na4 18. b3 Nxc3 19. Bxc3 Bxc3 20. Rxc3 Ra3 21. Qb2 Nb6 22. Nd2 e6 23. dxe6 fxe6 24. e5 dxe5 25. Rxc5 Nd7 26. Rc7 Ra7 27. Rxa7 Qxa7 28. Re1 Qa5 29. Re2 Qd5 30. Nc4 e4 31. Rd2 Qc6 32. Qd4 Nc5 33. Ne5 Qb6 34. Rc2 Nd3 35. Rc8+ Kg7 36. Qd7+ Kh6 37. Ng4+ Kg5 38. Qe7+ Kh5 39. Qh4# 1-0

[Event "BCF-chT1a 1718 (4NCL)"]
[Site "England"]
[Date "2018.01.13"]
[Round "3.18"]
[White "Flear, Glenn C"]
[Black "Bhatia, Kanwal K"]
[Result "1-0"]
[WhiteElo "2444"]
[BlackElo "2080"]
[PlyCount "79"]
[EventDate "2017.11.11"]
[EventType "team-swiss"]
[EventRounds "11"]
[EventCountry "ENG"]
[SourceTitle "EXT 2019"]
[Source "ChessBase"]
[SourceDate "2018.10.10"]
[SourceVersion "1"]
[SourceVersionDate "2018.10.10"]
[SourceQuality "1"]
[WhiteTeam "Guildford"]
[BlackTeam "Barbican II"]
[WhiteTeamCountry "ENG"]
[BlackTeamCountry "ENG"]

1. d4 Nf6 2. c4 c5 3. d5 b5 4. cxb5 a6 5. bxa6 g6 6. Nc3 Bxa6 7. e4 Bxf1 8. Kxf1 d6 9. Nf3 Bg7 10. g3 0-0 11. Kg2 Nbd7 12. a4 Qa5 13. Qc2 Rfb8 14. Ra3 Ne8 15. Bd2 Nb6 16. b3 Qa6 17. Rb1 Nc7 18. a5 Nd7 19. Ra4 e6 20. dxe6 fxe6 21. h4 Qc6 22. Ne2 Nf6 23. Nf4 Rf8 24. Rc4 e5 25. Ne2 Ng4 26. Qd3 d5 27. exd5 Nxd5 28. Rxg4 Rad8 29. Qe4 Rd6 30. Kg1 h5 31. Rg5 Qa6 32. Nxe5 Re8 33. Re1 Bh6 34. Rxg6+ Rxg6 35. Qxd5+ Qe6 36. Qxe6+ Rgxe6 37. Bxh6 Rxh6 38. f4 Ra6 39. Ra1 Rb8 40. Ra3 1-0

[Event "EU-chT (Women) 21st"]
[Site "Heraklion"]
[Date "2017.11.03"]
[Round "6.4"]
[White "Vidic, Teja"]
[Black "Bhatia, Kanwal K"]
[Result "1/2-1/2"]
[WhiteElo "2159"]
[BlackElo "2080"]
[PlyCount "147"]
[EventDate "2017.10.28"]
[EventType "team-swiss"]
[EventRounds "9"]
[EventCountry "GRE"]
[SourceTitle "CBM 181 Extra"]
[Source "ChessBase"]
[SourceDate "2017.12.12"]
[SourceVersion "1"]
[SourceVersionDate "2017.12.12"]
[SourceQuality "1"]
[WhiteTeam "Slovenia (W)"]
[BlackTeam "England (W)"]
[WhiteTeamCountry "SLO"]
[BlackTeamCountry "ENG"]

1. e4 e5 2. Nf3 Nc6 3. Bb5 a6 4. Ba4 Nf6 5. 0-0 Be7 6. Re1 b5 7. Bb3 d6 8. c3 0-0 9. a4 Bd7 10. d4 h6 11. h3 Re8 12. Nbd2 Bf8 13. d5 Ne7 14. Nf1 c5 15. Ng3 c4 16. Bc2 Qc7 17. Nh4 Ng6 18. Nhf5 Reb8 19. Qf3 Qd8 20. h4 Nh7 21. h5 Nh4 22. Qg4 Nxf5 23. Nxf5 Bxf5 24. Qxf5 Qf6 25. Qg4 Be7 26. axb5 axb5 27. Rxa8 Rxa8 28. Qd7 Qh4 29. Qxb5 Nf6 30. Qb7 Re8 31. g3 Qxh5 32. Kg2 Qg4 33. Ba4 Qc8 34. Qb4 Rf8 35. Bb5 Qg4 36. Qxc4 h5 37. Qe2 Qg6 38. Qf3 h4 39. Bc6 hxg3 40. Qxg3 Qh7 41. Qh3 Qg6+ 42. Kf3 Nh7 43. Qf5 Ng5+ 44. Bxg5 Qxf5+ 45. exf5 Bxg5 46. Re2 Rb8 47. b4 Bd8 48. Ra2 Bb6 49. Ke4 Kf8 50. f4 f6 51. fxe5 fxe5 52. f6 gxf6 53. Kf5 Ke7 54. Rh2 Rf8 55. Rh7+ Rf7 56. Rh8 Rg7 57. Rb8 Rg5+ 58. Ke4 f5+ 59. Kf3 Bg1 60. Re8+ Kf6 61. Re6+ Kf7 62. Rxd6 Bh2 63. Rh6 e4+ 64. Ke3 Be5 65. d6 Rg3+ 66. Ke2 Rxc3 67. Bd5+ Kg7 68. Re6 Bf4 69. d7 Rc2+ 70. Ke1 Rc1+ 71. Ke2 Rc2+ 72. Ke1 Rc1+ 73. Ke2 Rc2+ 74. Ke1 1/2-1/2

[Event "EU-chT (Women) 21st"]
[Site "Heraklion"]
[Date "2017.10.29"]
[Round "2.4"]
[White "Bhatia, Kanwal K"]
[Black "Avramidou, Anastasia"]
[Result "0-1"]
[WhiteElo "2080"]
[BlackElo "2257"]
[PlyCount "114"]
[EventDate "2017.10.28"]
[EventType "team-swiss"]
[EventRounds "9"]
[EventCountry "GRE"]
[SourceTitle "CBM 181 Extra"]
[Source "ChessBase"]
[SourceDate "2017.12.12"]
[SourceVersion "1"]
[SourceVersionDate "2017.12.12"]
[SourceQuality "1"]
[WhiteTeam "England (W)"]
[BlackTeam "Greece (W)"]
[WhiteTeamCountry "ENG"]
[BlackTeamCountry "GRE"]

1. e4 e6 2. d4 d5 3. Nd2 c5 4. exd5 exd5 5. Ngf3 Nc6 6. Bb5 Qe7+ 7. Be2 Qc7 8. 0-0 Nf6 9. Re1 Be6 10. dxc5 Bxc5 11. Nb3 Bb6 12. Nbd4 0-0 13. Be3 Ng4 14. Nxe6 fxe6 15. Bxb6 Qxb6 16. Rf1 Rf6 17. Qd3 Nge5 18. Nxe5 Nxe5 19. Qb5 Qc7 20. f4 Nf7 21. Qa4 Nd6 22. Kh1 Nf5 23. Rae1 Qb6 24. Qb3 Rh6 25. Rf3 Nd4 26. Qxb6 axb6 27. Rd3 Nxe2 28. Rxe2 Rxa2 29. g3 Rxb2 30. Rc3 Rf6 31. Rc7 h6 32. Kg2 b5 33. Rxb7 b4 34. h4 Rf7 35. Rb8+ Rf8 36. Rb6 Rc8 37. Kf3 h5 38. Rbxe6 Rc3+ 39. R6e3 Rbxc2 40. Rxc2 Rxc2 41. Re5 Rc3+ 42. Kf2 Rc5 43. Re8+ Kf7 44. Rb8 Rc2+ 45. Ke3 Rc3+ 46. Kd4 Rxg3 47. Rxb4 Ke6 48. Rb6+ Kf5 49. Kxd5 Kxf4 50. Rb1 Rg4 51. Rh1 Kf3 52. Rf1+ Kg2 53. Rf5 g6 54. Rf6 Kg3 55. Ke5 Kxh4 56. Rf3 Rg3 57. Rf1 Kg5 0-1

[Event "ENG-ch (Women)"]
[Site "West Bromwich"]
[Date "2017.09.02"]
[Round "3"]
[White "Bhatia, Kanwal K"]
[Black "Longson, Sarah N"]
[Result "1-0"]
[WhiteElo "2063"]
[BlackElo "2116"]
[PlyCount "85"]
[EventDate "2017.09.01"]
[EventType "swiss"]
[EventRounds "5"]
[EventCountry "ENG"]
[SourceTitle "CBM 180 Extra"]
[Source "ChessBase"]
[SourceDate "2017.10.06"]
[SourceVersion "1"]
[SourceVersionDate "2017.10.06"]
[SourceQuality "1"]

1. e4 e5 2. Nf3 Nc6 3. Nc3 Nf6 4. Be2 d5 5. exd5 Nxd5 6. 0-0 Be7 7. Bb5 Nxc3 8. bxc3 e4 9. Nd4 Qd5 10. Nxc6 bxc6 11. Ba4 0-0 12. d4 Qc4 13. Bb3 Qxc3 14. Rb1 Bf6 15. d5 Qa5 16. dxc6 Ba6 17. c4 Qc5 18. Qd7 Be5 19. Be3 Qa5 20. Rfd1 Bd6 21. Qh3 Bc8 22. Qh4 Be6 23. Bd4 Rfe8 24. c5 Bf8 25. Qg3 Rac8 26. h4 Qa6 27. h5 h6 28. Bc2 Qxc6 29. Rb4 Red8 30. Ba4 Qa6 31. a3 Qe2 32. Rb2 Qxh5 33. Qe3 Bxc5 34. Qxe4 Bxa3 35. Rbd2 Qg4 36. Qxg4 Bxg4 37. f3 Be6 38. Bc6 Rxd4 39. Rxd4 Bc5 40. Kf1 Bxd4 41. Rxd4 Rb8 42. Be4 Rb5 43. Rd8# 1-0

[Event "West Bromwich Midland op-A"]
[Site "West Bromwich"]
[Date "2017.08.13"]
[Round "4"]
[White "Gilmore, Simon N"]
[Black "Bhatia, Kanwal K"]
[Result "0-1"]
[WhiteElo "2050"]
[BlackElo "2071"]
[PlyCount "46"]
[EventDate "2017.08.11"]
[EventType "swiss"]
[EventRounds "5"]
[EventCountry "ENG"]
[SourceTitle "CBM 180 Extra"]
[Source "ChessBase"]
[SourceDate "2017.10.06"]
[SourceVersion "1"]
[SourceVersionDate "2017.10.06"]
[SourceQuality "1"]

1. e4 e5 2. Nf3 Nc6 3. d4 exd4 4. Nxd4 Bc5 5. Nxc6 Qf6 6. Qd2 dxc6 7. Nc3 Bd4 8. Bd3 Ne7 9. 0-0 Ng6 10. Nd1 h6 11. c3 Bb6 12. Ne3 Be6 13. Nc4 Bxc4 14. Bxc4 0-0 15. Qe2 Rfe8 16. Qf3 Qe7 17. Qf5 Nh4 18. Qf4 g5 19. Qg3 Qxe4 20. Bd3 Qe5 21. Qxe5 Rxe5 22. g3 Nf3+ 23. Kg2 Ne1+ 0-1

[Event "West Bromwich Midland op-A"]
[Site "West Bromwich"]
[Date "2017.08.12"]
[Round "3"]
[White "Patel, Devan"]
[Black "Bhatia, Kanwal K"]
[Result "1/2-1/2"]
[WhiteElo "1558"]
[BlackElo "2071"]
[PlyCount "49"]
[EventDate "2017.08.11"]
[EventType "swiss"]
[EventRounds "5"]
[EventCountry "ENG"]
[SourceTitle "CBM 180 Extra"]
[Source "ChessBase"]
[SourceDate "2017.10.06"]
[SourceVersion "1"]
[SourceVersionDate "2017.10.06"]
[SourceQuality "1"]

1. d4 Nf6 2. Nf3 c5 3. g3 cxd4 4. Bg2 e5 5. 0-0 Nc6 6. c3 dxc3 7. Nxc3 Be7 8. Bg5 0-0 9. Rc1 h6 10. Bxf6 Bxf6 11. Nd5 d6 12. b4 Be6 13. b5 Bxd5 14. Qxd5 Na5 15. Rfd1 Be7 16. Nd2 Qb6 17. Nc4 Nxc4 18. Rxc4 a6 19. Qxb7 Qxb7 20. Bxb7 axb5 21. Rc7 Bd8 22. Rxf7 Kxf7 23. Bxa8 Bb6 24. Bd5+ Ke7 25. e3 1/2-1/2

[Event "London Classic op 8th"]
[Site "London"]
[Date "2016.12.10"]
[Round "3"]
[White "Bhatia, Kanwal K"]
[Black "Opasiak, Dustin Tennessee"]
[Result "0-1"]
[WhiteElo "2096"]
[BlackElo "1823"]
[PlyCount "74"]
[EventDate "2016.12.09"]
[EventType "swiss"]
[EventRounds "9"]
[EventCountry "ENG"]
[SourceTitle "CBM 176 Extra"]
[Source "ChessBase"]
[SourceDate "2017.03.02"]
[SourceVersion "1"]
[SourceVersionDate "2017.03.02"]
[SourceQuality "1"]

1. e4 e6 2. d4 d5 3. Nd2 Nc6 4. Ngf3 Nf6 5. e5 Nd7 6. Nb3 f6 7. exf6 Qxf6 8. Bg5 Qf7 9. Bd3 Bd6 10. c3 e5 11. dxe5 Ndxe5 12. Be2 0-0 13. h3 Kh8 14. Be3 Nxf3+ 15. Bxf3 Be6 16. Qd2 Ne5 17. Be2 Nc4 18. Bxc4 dxc4 19. Nd4 Bd5 20. Rg1 Be4 21. 0-0-0 a6 22. g4 Rad8 23. Nf5 Bf3 24. Bd4 Rg8 25. Rde1 Qg6 26. Qe3 Bc6 27. f4 Rde8 28. Qf2 Re4 29. Rxe4 Bxe4 30. Nxd6 Qxd6 31. Rd1 Qh6 32. h4 Rf8 33. Be3 Qc6 34. f5 Qa4 35. a3 Bd3 36. Rxd3 cxd3 37. Bd4 Re8 0-1

[Event "BCF-chT2a 1617 (4NCL)"]
[Site "England"]
[Date "2016.11.20"]
[Round "2.16"]
[White "Bhatia, Kanwal K"]
[Black "French, Max"]
[Result "1-0"]
[WhiteElo "2091"]
[BlackElo "1930"]
[PlyCount "109"]
[EventDate "2016.11.19"]
[EventType "team-tourn"]
[EventRounds "11"]
[EventCountry "ENG"]
[SourceTitle "EXT 2019"]
[Source "ChessBase"]
[SourceDate "2018.10.10"]
[SourceVersion "1"]
[SourceVersionDate "2018.10.10"]
[SourceQuality "1"]
[WhiteTeam "Barbican Youth"]
[BlackTeam "Downend & Fishponds"]
[WhiteTeamCountry "ENG"]
[BlackTeamCountry "ENG"]

1. e4 c6 2. d4 d5 3. Nd2 dxe4 4. Nxe4 Bf5 5. Ng3 Bg6 6. h4 h6 7. Nf3 Nd7 8. h5 Bh7 9. Bd3 Bxd3 10. Qxd3 e6 11. Bd2 Ngf6 12. 0-0-0 Be7 13. Kb1 0-0 14. Ne4 Nxe4 15. Qxe4 Nf6 16. Qe2 Qd5 17. Be3 Ng4 18. Bc1 c5 19. dxc5 Qxc5 20. Nd4 Nf6 21. g4 Qb6 22. Ka1 Rfd8 23. c3 Rd5 24. f4 Kf8 25. g5 Ng8 26. g6 Re8 27. gxf7 Kxf7 28. Rde1 Red8 29. Qe4 Bf6 30. Nxe6 Ne7 31. Nd4 Rxd4 32. cxd4 Rxd4 33. Qe2 Qc6 34. Kb1 Rb4 35. Qc2 Qf3 36. Rh2 a5 37. Qe2 Qd5 38. Rd1 Qf5+ 39. Qc2 Qb5 40. Qd3 Qa4 41. Rc2 Rd4 42. Qf3 Rxd1 43. Qxd1 Qe4 44. Qe2 Qd5 45. Bd2 Nc6 46. Qc4 Qxc4 47. Rxc4 Ke6 48. Bc3 Bxc3 49. Rxc3 Ne7 50. Rb3 g5 51. fxg5 hxg5 52. h6 Ng6 53. Rb6+ Kf5 54. h7 Nh8 55. Kc2 1-0

[Event "Olympiad Women-42"]
[Site "Baku"]
[Date "2016.09.13"]
[Round "11.4"]
[White "Bhatia, Kanwal K"]
[Black "Hng, Mei En Emmanuelle"]
[Result "0-1"]
[WhiteElo "2133"]
[BlackElo "1883"]
[PlyCount "66"]
[EventDate "2016.09.02"]
[EventType "team-swiss"]
[EventRounds "11"]
[EventCountry "AZE"]
[SourceTitle "CBM 174 Extra"]
[Source "ChessBase"]
[SourceDate "2016.10.10"]
[SourceVersion "1"]
[SourceVersionDate "2016.10.10"]
[SourceQuality "1"]
[WhiteTeam "England (W)"]
[BlackTeam "Singapore (W)"]
[WhiteTeamCountry "ENG"]
[BlackTeamCountry "SIN"]

1. e4 c5 2. c3 e6 3. d4 Nf6 4. e5 Nd5 5. Nf3 Nc6 6. c4 Ndb4 7. d5 exd5 8. cxd5 Nd4 9. Nxd4 cxd4 10. Bc4 Qc7 11. Qe2 d3 12. Qe4 b5 13. Na3 Nc2+ 14. Nxc2 Qxc4 15. Qxc4 bxc4 16. Ne3 Bb7 17. d6 Rc8 18. Bd2 f6 19. f4 g5 20. Ng4 gxf4 21. Bxf4 Kf7 22. 0-0 Rg8 23. Ne3 fxe5 24. Bg5+ Ke8 25. Rxf8+ Rxf8 26. Ng4 Rf5 27. h4 c3 28. bxc3 Rxc3 29. Ne3 Rxg5 30. hxg5 d2 31. Rd1 Rxe3 32. Rxd2 Rg3 33. Rb2 Bc6 0-1